Význam univerzit a vysokých škol pro regiony

Hlavné funkcie, ktoré plnia univerzity a vysoké školy ako strediská vzdelanosti v regiónoch Českej republiky. Jihočeská univerzita v Českých Budejoviciach. Západočeská univerzita v Plzni. Uplatnenie absolventov na trhu práce. Spolupráca s regiónom. Výskumná a projektová činnosť zameraná na región. P...

Descrizione completa

Salvato in:
Dettagli Bibliografici
Autore principale: Šturzová, Jana
Natura: Capitolo di libro
Lingua:ceco
Soggetti:
Tags: Aggiungi Tag
Nessun Tag, puoi essere il primo ad aggiungerne!!

MARC

LEADER 00000naa$a2200000$$$4500
001 0024277
005 20230919104143.0
041 0 |a cze 
044 |a CZ 
245 1 0 |a Význam univerzit a vysokých škol pro regiony  |c Jana Šturzová 
520 |a Hlavné funkcie, ktoré plnia univerzity a vysoké školy ako strediská vzdelanosti v regiónoch Českej republiky. Jihočeská univerzita v Českých Budejoviciach. Západočeská univerzita v Plzni. Uplatnenie absolventov na trhu práce. Spolupráca s regiónom. Výskumná a projektová činnosť zameraná na región. Programy celoživotného vzdelávania. Kultúrnospoločenské aktivity 
610 2 0 |a školy vysoké 
610 2 0 |a univerzity 
610 2 0 |a Česko 
610 2 0 |a regióny 
610 2 0 |a absolventi 
610 2 0 |a spolupráca kultúrna 
610 2 0 |a spolupráca intelektuálna 
100 1 |a Šturzová, Jana